01330nam a22002657a 450000500170000000800410001702000180005804000070007604100080008308200160009110000290010724500600013626000560019630000290025236500940028144000350037552003610041065000340077165000290080565000330083465000260086794200120089399900190090595201400092420260415164720.0260415b |||||||| |||| 00| 0 eng d a9789389691252 cAL aeng a511.6bBALS aV K Balakrishnan9261719 aSchaums outline of theory and problems of combinatorics aNew YorkbMcGraw Hill Education India Pvt Ltdc2020 aviii,200pbPBc28x20.5cm 2Infornation Science and EngineeringaVBI-2645b₹543.75c₹d₹725.00e25%f20-02-2026 aSchaums Outline Series9261696 aCombinatorics deals with the enumeration, existence, analysis, and optimization of discrete structures. With this study guide, students can master this growing field-withh applications in several physical and social sciences, including Chemistry, computer Science, operations research, and statistics. Includes hundreds of problems with detailed solutions. aCombinational Analyis9261697 aOutlines Syllabi9261698 aRecurrence Relations9261720 aCombinatorics9261721 2ddccBK c241248d241248 00102ddc40708ISEaSEbSEd2026-04-13eVidyarthi booksg543.75l0o511.6 BALSpSE000524r2026-04-15 16:25:40v725.00w2026-02-20yBK